000 00834nam a2200217 a 4500
001 000043482
005 20201002044816.0
008 140319s2013 dr abc 001 0 spa d
020 _a9789945888324
040 _aDO-SdBNP
_bspa
_cBNPHU
082 _a972.9323
_bB446m
100 1 _aBello Mancebo, Luis Vencedor
_971179
245 1 0 _aMemorias de Pedernales :
_bDon Vencedor Bello y Alcoa exploration Co. /
_cLuis Vencedor Bello Mancebo.
260 _aSanto Domingo :
_bEDIT.as,
_c2013.
300 _a282 p. :
_bil., mapas, retrs. ;
_c24 cm.
650 4 _aCiudades y pueblos
_zRepública Dominicana
_9784
651 4 _aPedernales (República Dominicana{Rpara}
_xHistoria Local
_938922
651 4 _aPedernales (República Dominicana{Rpara}
_xVida Social Y Costumbres
_938923
910 _aValidado. Control de calidad EMS
049 _aBNPD
999 _c42971
_d42971